Normal view
MARC view
- Hunt, K. H.
Entry Personal Name
001 - CONTROL NUMBER
- control field: 55694
003 - CONTROL NUMBER IDENTIFIER
- control field: NUST
005 - DATE AND TIME OF LATEST TRANSACTION
- control field: 20210628201531.0
008 - FIXED-LENGTH DATA ELEMENTS
- fixed length control field: 210628|| aca||aabn | a|a d
040 ## - CATALOGING SOURCE
- Original cataloging agency: NUST
- Transcribing agency: NUST
100 ## - HEADING--PERSONAL NAME
- Personal name: Hunt, K. H.
- Fuller form of name: (Kenneth Henderson)
670 ## - SOURCE DATA FOUND
- Source citation: Work cat.: (NUST): Davidson, Joseph K. HUNT, K. H 55693, Robots and SCREW theory :applications of kinematics and statics to robotics, 2004.
